Musculoskeletal disorders (Record no. 73355)

MARC details
000 -LEADER
fixed length control field 00982cam a2200241 4500
001 - CONTROL NUMBER
control field WB3933-06
008 - FIXED-LENGTH DATA ELEMENTS--GENERAL INFORMATION
fixed length control field 030904n2003 000 0 eng u
035 ## - SYSTEM CONTROL NUMBER
System control number (Sirsi) u123497
245 ## - TITLE STATEMENT
Title Musculoskeletal disorders
260 ## - PUBLICATION, DISTRIBUTION, ETC.
Date of publication, distribution, etc. 2003
490 ## - SERIES STATEMENT
Series statement HSE Health and Safety Guidance
Volume/sequential designation 28 August 2003 (1)
520 ## - SUMMARY, ETC.
Summary, etc. HSE explanatory pages on musculoskeletal disorders (MSDs) which are the most common occupational illnesses in Great Britain. Pages outline what HSE is doing to tackle key issues relating to MSDs and access to a range of information about MSDs, including a manual assessment chart tool. HSE and MSD web page, http://www.hse.gov.uk/msd/index.htm.
590 ## - LOCAL NOTE (RLIN)
Local note WB
650 ## - SUBJECT ADDED ENTRY--TOPICAL TERM
Topical term or geographic name entry element MUSCULOSKELETAL DISORDERS
650 ## - SUBJECT ADDED ENTRY--TOPICAL TERM
Topical term or geographic name entry element OCCUPATIONAL ILLNESSES
650 ## - SUBJECT ADDED ENTRY--TOPICAL TERM
Topical term or geographic name entry element HSE
650 ## - SUBJECT ADDED ENTRY--TOPICAL TERM
Topical term or geographic name entry element RISK FACTORS
650 ## - SUBJECT ADDED ENTRY--TOPICAL TERM
Topical term or geographic name entry element OCCUPATIONAL HEALTH AND SAFETY
650 ## - SUBJECT ADDED ENTRY--TOPICAL TERM
Topical term or geographic name entry element RISK ASSESSMENT
650 ## - SUBJECT ADDED ENTRY--TOPICAL TERM
Topical term or geographic name entry element HEALTH AND SAFETY AT WORK
690 ## - LOCAL SUBJECT ADDED ENTRY--TOPICAL TERM (OCLC, RLIN)
Topical term or geographic name as entry element Health and safety
9 (RLIN) 6244
942 ## - ADDED ENTRY ELEMENTS (KOHA)
Suppress in OPAC 0
Holdings
Withdrawn status Lost status Source of classification or shelving scheme Damaged status Not for loan Home library Current library Shelving location Date acquired Total Checkouts Full call number Barcode Date last seen Copy number Price effective from Koha item type
    Dewey Decimal Classification     London London News article 04/09/2003   WB3933-06 123497-1001 06/08/2019 1 06/08/2019 News article